Lo abierto (Registro nro. 305547)

Detalles MARC
000 -ENCABEZADO
Número de control [NR] 01111cam a2200337Ma 4500
001 - NÚMERO DE CONTROL
control field ocn803739199
003 - IDENTIFICADOR DE CONTROL NÚMERO
control field Co-BoUCM
005 - FECHA Y HORA DE LA ÚLTIMA TRANSACCIÓN
control field 20190627100730.0
008 - DE LONGITUD FIJA DE DATOS DE ELEMENTOS - INFORMACIÓN GENERAL
Elementos de longitud fija [NR] 170117s2005 sp fr 001 0 spa d
017 ## - NUMERO DEL REGISTRO DE DERECHOS DE AUTOR O DEL DEPOSITO LEGAL [R]
Número de registro de derechos de autor (“copyright”) [R] DL V. 2152-2005
020 ## - NUMERO INTERNACIONAL NORMALIZADO PARA LIBROS [R]
Número Internacional Normalizado del libro [NR] 8481916730
020 ## - NUMERO INTERNACIONAL NORMALIZADO PARA LIBROS [R]
Número Internacional Normalizado del libro [NR] 9788481916737
029 0# - OTRO SISTEMA DE NÚMERO DE CONTROL (OCLC)
OCLC library identifier ESCBC
System control number .b33815197
035 ## - NUMERO DE CONTROL DEL SISTEMA [R]
Número de control del sistema [NR] (OCoLC)803739199
040 ## - FUENTE DE CATALOGACION [NR]
Agencia de catalogación original [NR] Co-BoUCM
Idioma de catalogación [NR] spa
Quien Cataloga Saul Niño
Quien Clasifica Saul Niño
041 1# - CODIGO DE IDIOMA [R]
Código de idioma para texto/pista de sonido o título separado [R] Español
Language code of original and/or intermediate translations of text ita
100 1# - ASIENTO PRINCIPAL--NOMBRE PERSONAL [NR]
Nombre personal [NR] Agamben, Giorgio
Fechas asociadas con el nombre [NR] 1942-
ID Autoridad 72640
245 13 - MENCION DE TITULO [NR]
Título [NR] Lo abierto
Parte restante del título [NR] el hombre y el animal
Mención de responsabilidad, etc. [NR] Giorgio Agamben ; traducción de Antonio Gimeno Cuspinera
260 ## - PUBLICACION, DISTRIBUCION, ETC. (PIE DE IMPRENTA) [R]
Lugar de publicación, distribución, etc. [R] Valencia (España)
Nombre del editor, distribuidor, etc. [R] Pre-Textos
Fecha de publicación, distribución, etc. [R] 2005
300 ## - DESCRIPCION FISICA [R]
Extensión [R] 122 páginas
490 0# - MENCION DE SERIE [R]
Mención de serie [R] Pre-Textos. Ensayo
Designación numérica/secuencial del volumen [NR] 747
504 ## - NOTA DE BIBLIOGRAFIA, ETC. [R]
Nota de bibliografía, etc. [NR] Incluye referencias bibliográficas e índices
650 #7 - ASIENTO SECUNDARIO DE MATERIA - TERMINO TEMATICO [R]
Término temático o nombre geográfico como elemento de entrada [NR] Antropología social
9 (RLIN) 9204
650 #7 - ASIENTO SECUNDARIO DE MATERIA - TERMINO TEMATICO [R]
Término temático o nombre geográfico como elemento de entrada [NR] Antropología cultural
9 (RLIN) 9189
650 #7 - ASIENTO SECUNDARIO DE MATERIA - TERMINO TEMATICO [R]
Término temático o nombre geográfico como elemento de entrada [NR] Seres humanos
9 (RLIN) 24231
690 #0 - ASUNTO AGREGADO LOCAL DE ENTRADA - TÉRMINO TEMÁTICO (OCLC, RLIN)
Acceso temático local Filosofía
9 (RLIN) 75
650 #7 - ASIENTO SECUNDARIO DE MATERIA - TERMINO TEMATICO [R]
9 (RLIN) 9195
Término temático o nombre geográfico como elemento de entrada [NR] Antropología Filosófica
765 ## - ASIENTO DE IDIOMA ORIGINAL [R]
Título [NR] L'aperto. L'uomo e l'animale
942 ## - ELEMENTOS DE ENTRADA AGREGADOS (KOHA)
Sistema de clasificación DEWEY
Tema principal Filosofía
Tipo de ítem principal el descrito en 300a Libro de reserva
Edición 1
Clasificación 128
Parte restante de la signatura top. A259a
Existencias
Fecha de último préstamo Total préstamos Signatura topográfica Código de barras Última vez visto Ejemplar Costo de reposición Price effective from Tipo de ítem Perdido Sistema de clasificación Dañado No prestable Tipo de ítem específico Suprimido Ubicación habitual Ubicación actual Localización Fecha de creación Proveedor Forma de adquisición Costo Total Renewals
10/04/2025 1 128 A259a 100152161 05/12/2025 Ej.1 38573.00 13/01/2017 Libro   DEWEY     Libro   Claustro Claustro 2do piso 13/01/2017 15 Compra 38573.00  
11/04/2019 1 128 A259a 100152162 05/12/2025 Ej.2 38573.00 13/01/2017 Libro   DEWEY     Libro   Claustro Claustro 2do piso 13/01/2017 15 Compra 38573.00 2